logo

Bir Sreshtho Munshi Abdur Rouf Library
Jhenaidah Cadet College

রসূলের স. যুগে নারী স্বাধীনতা : (Record no. 10313)

MARC details
000 -LEADER
fixed length control field 01370nam a2200265 a 4500
001 - CONTROL NUMBER
JCCL Control Number 10313
003 - CONTROL NUMBER IDENTIFIER
JCCL marc code BD-JhCC
005 - DATE AND TIME OF LATEST TRANSACTION
control field 20220206091902.0
008 - FIXED-LENGTH DATA ELEMENTS--GENERAL INFORMATION
fixed length control field 180423s2011 bg |||| |||| 000 0 mul d
020 ## - INTERNATIONAL STANDARD BOOK NUMBER
International Standard Book Number 9847010300208
035 ## - SYSTEM CONTROL NUMBER
system control number (BD-JhCC)10313
040 ## - CATALOGING SOURCE
Original cataloging agency BD-JhCC
Modifying agency BD-JhCC
041 ## - LANGUAGE CODE
Language code of Book Benglai & Arabic
082 ## - DEWEY DECIMAL CLASSIFICATION NUMBER
Classification number 305.40917671
Author mark and Year SHU 2011
100 ## - MAIN ENTRY--PERSONAL NAME
Personal name শুককাহ, আবদুল হালীম আবু
245 ## - TITLE STATEMENT
Title রসূলের স. যুগে নারী স্বাধীনতা :
Remainder of title কুরআনুল করীম এবং সহীহ বুখারী ও মুসলিমের সুস্পষ্ট হাদীসের ভিত্তিতে নারী সমস্যার বিস্তারিত বাস্তবভিত্তিক পর্যালোচনা /
Statement of responsibility, etc আবদুল হালীম আবু শুককাহ ; আবদুল মান্নান তালিব [সম্পা :]
250 ## - EDITION STATEMENT
Edition statement 2nd
260 ## - PUBLICATION, DISTRIBUTION, ETC. (IMPRINT)
Place of publication, distribution, etc ঢাকা :
Name of publisher, distributor, etc বাংলাদেশ ইনস্টিটিউট অব ইসলামিক থ্যট;
Date of publication, distribution, etc ২০১১.
300 ## - PHYSICAL DESCRIPTION
Pagination 349 P. :
Dimensions 22 cm.
504 ## - BIBLIOGRAPHY, ETC. NOTE
Bibliography, etc Including Bibliographical Reference
650 ## - SUBJECT ADDED ENTRY--TOPICAL TERM
Topical term or geographic name as entry element Muslim Women
700 ## - ADDED ENTRY--PERSONAL NAME
Personal name তালিব, আবদুল মান্নান
942 ## - ADDED ENTRY ELEMENTS (KOHA)
Source of classification or shelving scheme Dewey Decimal Classification
Koha item type Books
Koha issues (borrowed), all copies 9
Holdings
Source of classification or shelving scheme volume number Damaged status Not for loan Home library Current library Shelving location Date of accession Cost, normal purchase price Total Checkouts Full call number Barcode Date last seen Date checked out Copy number Koha item type
Dewey Decimal Classification V-1     JCC Rouf Library JCC Rouf Library General Stacks 04/23/2018 250.00 3 305.40917671 SHU 2011 13591 12/19/2021 09/29/2021 C-1 Books
Dewey Decimal Classification V-1     JCC Rouf Library JCC Rouf Library General Stacks 04/23/2018 250.00 2 305.40917671 SHU 2011 13592 06/19/2022 09/26/2021 C-2 Books
Dewey Decimal Classification V-3     JCC Rouf Library JCC Rouf Library General Stacks 04/23/2018 250.00   305.40917671 SHU 2011 13594 04/23/2018   C-2 Books
Dewey Decimal Classification V-3     JCC Rouf Library JCC Rouf Library General Stacks 04/23/2018 250.00   305.40917671 SHU 2011 13593 04/23/2018   C-1 Books
Dewey Decimal Classification V-4     JCC Rouf Library JCC Rouf Library General Stacks 04/23/2018 250.00   305.40917671 SHU 2011 13595 04/23/2018   C-1 Books
Dewey Decimal Classification V-4     JCC Rouf Library JCC Rouf Library General Stacks 04/23/2018 250.00   305.40917671 SHU 2011 13596 04/23/2018   C-2 Books
Dewey Decimal Classification V-1     JCC Rouf Library JCC Rouf Library General Stacks   150.00   305.40917671 SHU 2011 16847 09/21/2021   C-2 Books
Dewey Decimal Classification V-2     JCC Rouf Library JCC Rouf Library General Stacks   210.00   305.40917671 SHU 2002 16848 09/21/2021   C-1 Books
Dewey Decimal Classification V-3     JCC Rouf Library JCC Rouf Library General Stacks   120.00   305.40917671 SHU 2011 16849 09/21/2021   C-3 Books
Dewey Decimal Classification V-4     JCC Rouf Library JCC Rouf Library General Stacks 06/10/2021 180.00   305.40917671 SHU 2006 16850 02/06/2022   C-3 Books

JCC Library | Contacts | JCC Home

Last Update on 23 September 2017
Copyright @ 2017-2020 JCC Rouf Library
Rouf Library, Jhenidah Cadet College (JCC), Bangladesh